000 00820nam a2200289Ia 4500
001 16954
005 20240113235738.0
007 ta
008 170504s1977 ii a g b000 u 465 u
040 _aCotton College Assam
041 _a465
082 _a320
_bP 613 In
100 _aRodee, Carlton Clymer .
245 0 _aIntroduction to Political Science /
_cCarlton Clymer Rodee...(et al).
_hTextual Documents
250 _a1st ed. /
260 _aNew Delhi :
_bTata Mcgraw-Hill Publishing Company Ltd ,
_c1977.
300 _aviii,466p. :
_bill ;
_c22cm .
504 _aIndex
653 _aPolitical Science
653 _aG-Political Science
700 _aAnderson, T.J .
700 _aChristol , C.Q. .
700 _aGreen, T.H..
942 _2ddc
_cBK
999 _c16936
_d16936